Atrocity Exhibition - Danny Brown - Statistics

General Stats
  • This quiz has been taken 92 times
  • The average score is 11 of 15
Answer Stats
Track # Answer % Correct
6 Ain't It Funny
93%
4 Really Doe
88%
1 Downward Spiral
82%
3 Rolling Stone
75%
7 Golddust
73%
12 When It Rain
73%
2 Tell Me What I Don't Know
72%
10 Dance In The Water
70%
14 Get Hi
70%
5 Lost
68%
8 White Lines
67%
15 Hell For It
65%
9 Pneumonia
65%
11 From The Ground
57%
13 Today
57%
No matching quizzes found
Score Distribution
Percent of People with Each Score
Percentile by Number Answered
Your Score History
You have not taken this quiz